Management (Record no. 2342)

MARC details
000 -LEADER
fixed length control field 00400nam a22001697a 4500
005 - DATE AND TIME OF LATEST TRANSACTION
control field 20180621100610.0
008 - FIXED-LENGTH DATA ELEMENTS--GENERAL INFORMATION
fixed length control field 160601b xxu||||| |||| 00| 0 eng d
020 ## - INTERNATIONAL STANDARD BOOK NUMBER
ISBN 81-203-0981-2
041 ## - LANGUAGE CODE
Language code of text/sound track or separate title eng
082 ## - DEWEY DECIMAL CLASSIFICATION NUMBER
Item number 6728
Classification number 658
100 ## - MAIN ENTRY--AUTHOR NAME
Personal name Stoner, James A.F. and others
245 ## - TITLE STATEMENT
Title Management
260 ## - PUBLICATION, DISTRIBUTION, ETC. (IMPRINT)
Place of publication New Delhi
Name of publisher PHI,
Year of publication 2003
300 ## - PHYSICAL DESCRIPTION
Number of Pages 630
650 ## - SUBJECT ADDED ENTRY--TOPICAL TERM
Topical Term Management
942 ## - ADDED ENTRY ELEMENTS (KOHA)
Koha item type Books
Holdings
Lost status Damaged status Collection code Home library Current library Shelving location Date acquired Cost, normal purchase price Full call number Accession Number Koha item type
    MANAGEMENT JRU Library JRU Library SHELF-38-A 01/06/2016 350.00 658 6728 Books
    MANAGEMENT JRU Library JRU Library SHELF-65-H 01/06/2016 350.00 658 6729 Books
    MANAGEMENT JRU Library JRU Library SHELF-65-H 01/06/2016 350.00 658 6730 Books
    MANAGEMENT JRU Library JRU Library SHELF-65-H 01/06/2016 350.00 658 6731 Books